000 00677nam a2200241Ia 4500
003 OSt
005 20230518164944.0
008 210423s2012 xx 000 0 und d
020 _a978-443-5000
040 _cAL
041 _aeng
082 _a515
_223
_bDAMM
100 _aDAMIANO (David B);FREIJE (Margaret N)
_9109150
245 _aMultivariable calculus
260 _aLondon
_bJones & Bartlett Publishers
_c2012
300 _axvii,541
_bHB
365 _b5116.8
_cUSD
440 _aInternational series in mathematics
_9109151
650 _aMathematical Analysis
_9109152
650 _aMathematics
_9109153
906 _acalculus ; Multivariable
942 _2ddc
_cBK
999 _c166829
_d166829